000 01254nam0a2200325 i 4500
001 RU\NLR\BIBL_A\011011415
005 20240921204046.0
010 _a9785990349933
_91000
021 _aRU
_b2016-15169
_9982
035 _a(NILC)RuMoRGB-008157116
035 _a(NLR Aleph) 011011415
090 _a11025837
_c11025837
100 _a20160317d2015 km y0rusy50 ca
101 0 _arus
102 _aRU
_aRU
105 _aac||z||||01zd
200 1 _aСудьба русской эмиграции во Франции с 1933 по 1948 г. Они любили свою страну…
_fР. Л. Урицкая
210 _aСанкт-Петербург
_cПлощадь искусств
_d2015
215 _a238, [1] с., [4] л. ил., портр.
_d22
320 _aБиблиогр. в примеч.: с. 187-223 (647 назв.) и Библиогр.: с. 224-237
333 _a16+
606 1 _aЭмигранты русские
_yФранция
_z20 в.
_91903577
_3RU\NLR\AUTH\66866830
675 _a94
686 1 _aТ3(4Фр9=Р)6,02
700 1 _aУрицкая
_bР. Л.
_gРита Леонидовна
801 0 _aRU
_bРГБ
_c20160225
_gRCR
942 _cBOOK
980 _aNBR